Z księgi protokółów zarządu kościoła katolickiego w Borzyszkowach 1876-1972

Titel: Z księgi protokółów zarządu kościoła katolickiego w Borzyszkowach 1876-1972
Verfasser:
In: Borzyszkowy i Borzyszkowscy ; 6. Tuchomie, (1999), Seite 92-104
alle Artikel anzeigen
Veröffentlicht: 1999
Format: Aufsatz
Sprache: Polnisch
Kein Bild verfügbar
X
alg: 39351492
001A    $01999:12-11-16 
001B    $01999:22-05-21 $t21:59:06.000 
001D    $01999:12-11-16 
001U    $0utf8 
001X    $00 
002@    $0Aox 
003@    $0393514927 
007A    $0393514927 $aHEB 
007T    $0Herdt13670 
010@    $apol 
011@    $a1999 
021A    $aZ księgi protokółów zarządu kościoła katolickiego w Borzyszkowach 1876-1972 
027A    $aAus dem Protokollbuch der Verwaltung der katholischen Kirche in Borczyskowo 1876-1972 
028A    $#Borzyszkowski, Josef $#Bòrzëszkòwsczi, Józef $7103361952 $8Borzyszkowski, Józef$Z1946- [Tp1] $9138771383 
031A    $h92-104 $j1999 
039B    $aIn $8--Afu--. Borzyszkowy i Borzyszkowscy ; 6. Tuchomie. - Gdańsk, 1999. - 374 S.. - Ill.. - ISBN 83-87258-25-3 $x199900000000000908 $9089573560 
045F    $a307.094382 $eDDC23BSB 
045F/01 $a307.09 
045F/03 $g4382 
045F/03 $g43832 
046C    $aAus dem Protokollbuch der Verwaltung der katholischen Kirche in Borczyskowo 1876-1972 $bÜbers. des Hauptsacht. 

lok: 39351492 78

exp: 39351492 78 1 #EPN
201B/01 $018-11-16 $t09:03:37.000 
201U/01 $0utf8 
203@/01 $0789625369 
208@/01 $a12-11-16 $be 
209A/01 $a/ $f000 $x00 
220C/01 $aTitelaufnehmer: uz;gk 
220C/01 $aHerkunft: UMK/BU Toruń 
244Z/01 $2Trx $#Prusy Wschodnie i Zachodnie $8--Trx--Ost- und Westpreußen $x01 $939113373X 
244Z/01 $2Trx $#Borczyskowo Konitz $#Bergfried* $8--Trx--Borzyszkowy$gChojnice $x02 $9391256343 
244Z/01 $aGeschichte 1876-1972 $x03 
244Z/01 $2Trx $#külad $#kaimai $#villages $#falvak $#wsie $#dediny $#vesnice $8--Trx--Dörfer $x04 $9391374176 
244Z/01 $2Trx $#kašuubid $#kašubai $#kaschubs $#kasubok $#Kaszubi $#Kašubovia $#Kašubové $#Kabatker $#Kabatkowie $8--Trx--Kaschuben $x05 $9391361384 
244Z/01 $2Trx $#kirikute ajalugu $#bažnyčios istorija $#Church history $#egyháztörténet $#historia Kościoła $#dejiny cirkvi $#dějiny církevní $8--Trx--Kirchengeschichte $x06 $9391359169 
244Z/01 $2Trx $#kirik, Rooma-Katoliku $#bažnyčia, Romos katalikų $#Church, Roman-Catholic $#Római katolikus templom $#kościół rzymskokatolicki $#cirkev rímsko-katolícka $#církev římsko-katolická $8--Trx--Kirche, römisch-katholische $x07 $9391382845 
244Z/01 $2Trx $8--Trx--Einzelbeiträge $x08 $9391384570 
245Z/01 $a13.03 $x01 
245Z/01 $a10.02.02.01 $x02 
247C/01 $82080>Marburg/Lahn, Herder-Institut, Forschungsbibliothek, Bibliographieportal $9336309341
LEADER 00000caa a22000002c 4500
001 393514927
003 DE-603
005 20210522215906.0
007 tu
008 161112s1999 xx |||| | u00||u|pol c
035 |a (DE-599)HEB393514927 
040 |a DE-603  |b ger  |c DE-603  |d DE-603 
041 |a pol 
082 0 4 |8 1\u  |a 307.094382  |q DE-101  |2 23/BSB 
085 |8 1\u  |b 307.09 
085 |8 1\u  |z 2  |s 4382 
085 |8 1\u  |z 2  |s 43832 
100 1 |a Borzyszkowski, Józef  |d 1946-  |0 (DE-603)138771383  |0 (DE-588)103361952  |2 gnd 
245 0 0 |a Z księgi protokółów zarządu kościoła katolickiego w Borzyszkowach 1876-1972 
246 1 |i Übers. des Hauptsacht.  |a Aus dem Protokollbuch der Verwaltung der katholischen Kirche in Borczyskowo 1876-1972 
246 1 3 |a Aus dem Protokollbuch der Verwaltung der katholischen Kirche in Borczyskowo 1876-1972 
264 0 |c 1999 
773 0 8 |i In  |t Borzyszkowy i Borzyszkowscy ; 6. Tuchomie  |d Gdańsk, 1999  |h 374 S., Ill.  |z 8387258253  |g (1999), Seite 92-104  |w (DE-603)089573560 
924 0 |9 2080  |a (DE-603)789625369  |b DE-2080  |c HES  |d d  |g /